000 00896nam a2200217Ia 4500
999 _c36545
_d36545
001 2464
003 GE_BSU
005 20230313154433.0
008 181216s2004||||ge |||||||||||||| ||geo||
020 _a9992884436
040 _cGE_BSU
041 _ageo
080 _a347.7(479.22) ს–32
245 _aსაქართველოს საბანკო კანონმდებლობა /
_b ნორმატიული აქტების კრებული : 2004 წლის 1 ნოემბრის მდგომარეობით.
264 _aთბილისი :
_bბონა,
_c2004.
300 _a266 გვ.;
_b21 სმ.
490 _aიურისტის ბიბლიოთეკა
541 _h12 ლ.
653 _aსაქართველოს საბანკო კანონმდებლობა.
942 _cBK
_2udc